000 00412nam a22001697a 4500
005 20160430105703.0
008 160430b xxu||||| |||| 00| 0 eng d
020 _a07619-3249-6
041 _aeng
082 _b1016
100 _aSharma Poonam Bhal T. Kanika
_9317
245 _aManagerial Ethics.
260 _aNew Delhi
_bSage Publication,
_c2004
300 _a267
650 _aManagement
_9241
942 _cBK
999 _c365
_d365